[Event "Najdorf Memorial"]
[Site "Warsaw POL"]
[Date "2024.07.16"]
[Round "8.14"]
[White "Dhananjay, S"]
[Black "Nesterenko, Kyrylo"]
[Result "1-0"]
[WhiteElo "2207"]
[BlackElo "2103"]

1. e4 d5 2. exd5 Nf6 3. Bb5+ Bd7 4. Be2 Nxd5 5. d4 e6 6. Nf3 Nf6 7. O-O c5
8. c4 cxd4 9. Nxd4 Nc6 10. Nc3 Nxd4 11. Qxd4 Bc6 12. Qe3 Qc7 13. Rd1 b6 14.
Nd5 Bxd5 15. cxd5 Bc5 16. Bb5+ Ke7 17. Qe2 Rhd8 18. Bg5 h6 19. Bxf6+ gxf6
20. dxe6 Qe5 21. Qc2 Bd6 22. Rxd6 Rxd6 23. Qc7+ Kxe6 24. Bc4+ Kf5 25. Qxf7
Kf4 26. g3+ Kg4 27. h3+ Kxh3 28. Bf1+ Kg4 29. Qg6+ 1-0

[Event "Najdorf Memorial"]
[Site "Warsaw POL"]
[Date "2024.07.16"]
[Round "8.15"]
[White "Fus, Jakub"]
[Black "Rekuc, Patryk"]
[Result "1-0"]
[WhiteElo "2444"]
[BlackElo "2107"]

1. d4 Nf6 2. c4 e6 3. g3 Bb4+ 4. Bd2 Be7 5. Bg2 d5 6. Nf3 O-O 7. O-O c6 8.
Qc2 b6 9. Bf4 Bb7 10. Rd1 Nbd7 11. Ne5 Qc8 12. Nc3 Nh5 13. Bc1 Nhf6 14. Bf4
Nh5 15. Be3 Qc7 16. Nxd7 Qxd7 17. Bf3 Nf6 18. b3 Qc8 19. Rac1 Ba3 20. Rb1
Be7 21. Bf4 Rd8 22. Na4 Nd7 23. e4 dxe4 24. Qxe4 Re8 25. Rbc1 Bf6 26. Be5
Bxe5 27. dxe5 Qc7 28. Re1 Rad8 29. b4 Nf8 30. c5 b5 31. Nc3 a6 32. Rcd1 Rd5
33. Nxd5 cxd5 34. Qd4 Ng6 35. Bg2 Ne7 36. Qd2 Rd8 37. a3 Bc6 38. Qb2 Qb7
39. Rd2 Rb8 40. h4 Qd7 41. h5 Qe8 42. Qd4 Rd8 43. Qf4 Qf8 44. Bf3 Kh8 45.
Bd1 Rb8 46. Bc2 Ng8 47. Kg2 Qe7 48. Kg1 Qc7 49. Qd4 Qe7 50. Qd3 g6 51. Qf3
Rb7 52. Rd4 Qg5 53. hxg6 hxg6 54. Qf4 Qxf4 55. Rxf4 Kg7 56. Rh4 Ra7 57. Re3
Ne7 58. Rd4 Bd7 59. Rd1 Nc6 60. Bd3 Kf8 61. Bf1 Ke7 62. f4 Kd8 63. g4 Ne7
64. Rh3 Nc6 65. Rh7 Be8 66. f5 gxf5 67. gxf5 Rc7 68. Bh3 Nxe5 69. fxe6 fxe6
70. Rxc7 Kxc7 71. Bxe6 Nc4 72. Rd3 Bg6 73. Rg3 Be4 74. Rg7+ Kb8 75. c6 1-0

[Event "Najdorf Memorial"]
[Site "Warsaw POL"]
[Date "2024.07.16"]
[Round "8.16"]
[White "Romanishin, Oleg M"]
[Black "Zysko, Jan"]
[Result "1/2-1/2"]
[WhiteElo "2331"]
[BlackElo "2089"]

1. d4 d5 2. Nf3 Nf6 3. c4 c6 4. Nc3 e6 5. g3 dxc4 6. Bg2 Nbd7 7. O-O b5 8.
Bg5 Bb7 9. e4 Qb6 10. Qe2 h6 11. Be3 Ng4 12. Bf4 Ngf6 13. Rad1 Be7 14. d5
cxd5 15. exd5 Nxd5 16. Nxd5 Bxd5 17. Rxd5 exd5 18. Re1 O-O 19. Qxe7 Nf6 20.
Qe3 Rfe8 21. Qd2 Rxe1+ 22. Nxe1 1/2-1/2

[Event "Najdorf Memorial"]
[Site "Warsaw POL"]
[Date "2024.07.16"]
[Round "8.17"]
[White "Patil, Harshal"]
[Black "Mickiewicz, Piotr"]
[Result "1-0"]
[WhiteElo "2083"]
[BlackElo "2257"]

1. Nf3 Nf6 2. g3 g6 3. Bg2 Bg7 4. O-O O-O 5. d4 d6 6. c4 Nc6 7. Nc3 Bf5 8.
d5 Na5 9. b3 Ne4 10. Nxe4 Bxa1 11. Nd4 c5 12. Nxf5 gxf5 13. Ng5 Bf6 14. e4
h6 15. Nh3 Kg7 16. Nf4 Be5 17. Bh3 Rh8 18. Bxf5 Kf8 19. Qh5 Bg7 20. Kg2 a6
21. Qg4 b5 22. Nh5 Bd4 23. Be3 Ke8 24. Bxd4 cxd4 25. Qg7 Rf8 26. e5 dxe5
27. Re1 Qd6 28. Rxe5 e6 29. dxe6 Kd8 30. Rd5 1-0

[Event "Najdorf Memorial"]
[Site "Warsaw POL"]
[Date "2024.07.16"]
[Round "8.18"]
[White "Sprzeczka, Emilia"]
[Black "Chiszko, Oskar"]
[Result "1-0"]
[WhiteElo "2101"]
[BlackElo "2192"]

1. e4 c6 2. d4 d5 3. e5 Bf5 4. Nf3 e6 5. Be2 Nd7 6. O-O a5 7. a4 f6 8. c4
fxe5 9. cxd5 cxd5 10. Nxe5 Nxe5 11. dxe5 Ne7 12. Bg5 h6 13. Bh5+ Kd7 14.
Qb3 Qc7 15. Rc1 Nc6 16. Be3 Bb4 17. Nc3 Qxe5 18. Bf3 Rhd8 19. Re1 Bd6 20.
g3 Nb4 21. Rac1 Bd3 22. Bf4 Qf5 23. Bxd6 Kxd6 24. Re3 Bc4 25. Qd1 Nd3 26.
Rc2 Ne5 27. Bg2 Ke7 28. Ne2 Nc6 29. Rf3 Qh7 30. b3 Bxe2 31. Rxe2 d4 32. Rd3
Rd6 33. Be4 Qg8 34. Bxc6 Rxc6 35. Rxd4 Rd8 36. Red2 Rxd4 37. Rxd4 Qc8 38.
Qg4 Kf7 39. Qh5+ Kg8 40. Qxa5 Rc1+ 41. Kg2 Qc6+ 42. Kh3 Rc5 43. Qd8+ Kh7
44. Qh4 Re5 45. Qg4 Qh1 46. Qd1 Qc6 47. Qd3+ Rf5 48. Rf4 g6 49. Rxf5 gxf5
50. Qc4 Qf3 51. Qxe6 Qxf2 52. Qf7+ Kh8 53. Qf8+ Kh7 54. Qf7+ Kh8 55. Qxb7
Qf1+ 56. Qg2 Qb1 57. Qf3 Kg7 58. a5 Kg6 59. a6 Qa1 60. Qd3 Qa3 61. Qc4 Qa2
62. Qc6+ Kg5 63. Qb7 Qe2 64. Qg7+ Kh5 65. Qf7+ Kg5 66. Qg8+ Kh5 67. Qc4 Qa2
68. Qf7+ 1-0

[Event "Najdorf Memorial"]
[Site "Warsaw POL"]
[Date "2024.07.16"]
[Round "8.19"]
[White "Mirski, Stanislaw"]
[Black "Krol, Jan"]
[Result "1-0"]
[WhiteElo "2174"]
[BlackElo "2064"]

1. d4 Nf6 2. Nf3 d5 3. c4 e6 4. g3 dxc4 5. Qa4+ c6 6. Qxc4 b5 7. Qd3 Ba6 8.
Bg2 Nbd7 9. O-O Rc8 10. e4 Qb6 11. Rd1 Be7 12. Bg5 h6 13. Bxf6 Nxf6 14.
Nbd2 O-O 15. Nb3 Rfd8 16. Qe3 Bb7 17. Rdc1 a5 18. Nc5 Bxc5 19. dxc5 Qc7 20.
Rd1 Ng4 21. Qf4 Qxf4 22. gxf4 Nf6 23. Nd4 Nh5 24. Ne2 g5 25. fxg5 hxg5 26.
e5 g4 27. f3 gxf3 28. Bxf3 Ng7 29. Be4 Kf8 30. Kf2 Ne8 31. Ke3 Ke7 32. Nd4
f6 33. exf6+ Nxf6 34. Rg1 Rf8 35. a4 b4 36. Nb3 Nxe4 37. Kxe4 Ba6 38. Rg7+
Kf6 39. Rag1 Rf7 40. R7g6+ Ke7 41. Nxa5 Be2 42. Nb7 Bf3+ 43. Ke3 Bd5 44.
Nd6 Rf3+ 45. Kd4 Rh8 46. R1g4 Rhf8 47. Rg7+ Kd8 48. Nb7+ Kc8 49. Nd6+ Kd8
50. a5 Rf2 51. a6 e5+ 52. Kxe5 Re2+ 53. Kd4 Rd2+ 54. Ke3 Rxb2 55. a7 Rf3+
56. Kd4 Rd2+ 57. Ke5 Re2+ 58. Ne4 Ra3 59. Kd6 Kc8 60. Rc7+ 1-0

[Event "Najdorf Memorial"]
[Site "Warsaw POL"]
[Date "2024.07.16"]
[Round "8.20"]
[White "Gbiorczyk, Mikolaj"]
[Black "Gibala, Adam"]
[Result "0-1"]
[WhiteElo "2034"]
[BlackElo "2171"]

1. Nf3 Nf6 2. g3 b5 3. Bg2 Bb7 4. O-O e6 5. d3 Be7 6. e4 d6 7. Nbd2 O-O 8.
a4 b4 9. a5 c5 10. Re1 d5 11. e5 Nfd7 12. Nf1 Nc6 13. a6 Bc8 14. h4 Qb6 15.
h5 Bxa6 16. h6 g6 17. N1h2 Bb7 18. Ng4 Qd8 19. Bf4 a5 20. Qd2 a4 21. Bh3
Re8 22. Ra2 Nd4 23. Nxd4 cxd4 24. Rea1 g5 25. Nf6+ Bxf6 26. exf6 gxf4 27.
Qxf4 Qxf6 28. Qc7 Bc8 29. Rxa4 Rxa4 30. Rxa4 Qxh6 31. Kg2 Qf8 32. Ra8 Nf6
33. Qe5 Qg7 34. Qd6 Qf8 35. Qe5 Qe7 36. Kg1 h6 37. b3 Nh7 38. f4 Nf8 39.
Kh2 Ng6 40. Qe1 Qb7 41. Ra4 Qc6 42. Qe2 Bd7 43. Rxb4 Rc8 0-1

[Event "Najdorf Memorial"]
[Site "Warsaw POL"]
[Date "2024.07.16"]
[Round "8.21"]
[White "Nagly, Wojciech"]
[Black "Terkiewicz, Bruno"]
[Result "1-0"]
[WhiteElo "2016"]
[BlackElo "2170"]

1. d4 Nf6 2. Nf3 e6 3. c4 d5 4. Nc3 c5 5. e3 cxd4 6. exd4 Bb4 7. a3 Bxc3+
8. bxc3 O-O 9. Qc2 b6 10. cxd5 Qxd5 11. c4 Qe4+ 12. Qxe4 Nxe4 13. Bd3 Bb7
14. O-O Rd8 15. Be3 Nf6 16. Rfd1 Bxf3 17. gxf3 Nc6 18. Rac1 Rac8 19. Kf1
Rc7 20. Be4 h6 21. Ke2 Na5 22. c5 Nd5 23. Bxd5 exd5 24. cxb6 Rxc1 25. Rxc1
axb6 26. Rc7 Nc4 27. Ra7 Rd6 28. Kd3 Rf6 29. Ke2 Rf5 30. a4 Kh7 31. Rd7 Kg6
32. Bd2 Rh5 33. Bb4 Kf6 34. Be7+ Ke6 35. Rb7 Rxh2 36. Bd8 Rh1 37. Re7+ Kf6
38. Re5+ Kg6 39. Rxd5 Ra1 40. Bxb6 Nxb6 41. Rd6+ Kf5 42. Rxb6 Rxa4 43. Rb7
Ra2+ 44. Ke3 Ra3+ 45. Ke2 Kg6 46. d5 h5 47. Rb4 Kf6 48. Rb6+ Kf5 49. Rb7
Kg6 50. Rc7 Ra8 51. Ke3 Rd8 52. Kd4 h4 53. Ke5 Rh8 54. Rc1 Rh5+ 55. Kd6 Kf6
56. Kc6 h3 57. d6 Re5 58. d7 Ke7 59. Kc7 Rd5 60. d8=Q+ Rxd8 61. Re1+ Kf6
62. Kxd8 Kg5 63. Rg1+ Kf4 64. Rxg7 f5 65. Rg3 h2 66. Rh3 h1=R 67. Rxh1 Kxf3
68. Rh4 f4 69. Ke7 1-0

[Event "Najdorf Memorial"]
[Site "Warsaw POL"]
[Date "2024.07.16"]
[Round "8.23"]
[White "Smietanska, Wiktoria"]
[Black "Sujkowski, Pawel"]
[Result "0-1"]
[WhiteElo "2125"]
[BlackElo "1985"]

1. e4 d5 2. exd5 Qxd5 3. Nc3 Qd8 4. d4 Nf6 5. Nf3 Bf5 6. Bc4 c6 7. Ne5 e6
8. O-O Nbd7 9. f4 Be7 10. Be3 Nb6 11. Be2 Nbd5 12. Nxd5 exd5 13. c3 O-O 14.
Bf3 Be4 15. Kh1 Bxf3 16. gxf3 Ne8 17. Rg1 f6 18. Ng4 Nd6 19. Qc2 Kh8 20.
Bf2 Qd7 21. Ne3 f5 22. Ng2 Rae8 23. Ne1 Bf6 24. Nd3 Nf7 25. Rae1 Rxe1 26.
Rxe1 Re8 27. Rxe8+ Qxe8 28. Ne5 g6 29. Qa4 a6 30. Qb4 Nd8 31. Qb6 Qe7 32.
Be3 Kg7 33. Qb3 Bxe5 34. dxe5 Ne6 35. Qd1 Qh4 36. Qd2 h6 37. c4 Qd8 38. Qc1
d4 39. Bd2 c5 40. b4 Qb6 41. bxc5 Qxc5 42. Qb1 b6 43. Qb3 Qc6 44. h4 Nc5
45. Qa3 a5 46. Kg2 Kf7 47. Qb2 Ne6 48. Kg3 Qc5 49. Qb3 Ke7 50. Qd3 h5 51.
Be1 Kd7 52. Bf2 Kc6 53. Qb3 Qb4 54. Qc2 Kc5 55. Qc1 Kc6 56. Be1 Qa4 57. Qb2
Qxc4 58. Bf2 Qc3 59. Qe2 b5 60. Be1 Qc4 61. Qd2 b4 62. a3 Kb5 63. axb4 a4
64. Qb2 d3 65. Bd2 Qc2 66. Qc3 Qxc3 67. Bxc3 Kc4 68. b5 Kxb5 69. Kf2 Kc4
70. Ba1 Kb3 71. Ke3 Kc2 0-1

[Event "Najdorf Memorial"]
[Site "Warsaw POL"]
[Date "2024.07.16"]
[Round "8.24"]
[White "Rzewucki, Jan"]
[Black "Kubik, Rafal"]
[Result "1-0"]
[WhiteElo "1960"]
[BlackElo "2118"]

1. e4 c5 2. Be2 Nc6 3. d3 d5 4. f4 e6 5. Nf3 Bd6 6. O-O Nge7 7. c3 O-O 8.
g3 f6 9. Be3 b6 10. Bf2 Bb7 11. a3 a5 12. a4 g6 13. Na3 Rc8 14. Nb5 Bb8 15.
Qc2 e5 16. fxe5 Nxe5 17. Nxe5 Bxe5 18. Rad1 Bb8 19. Be3 Qd7 20. Bf3 Qe6 21.
Rfe1 Qf7 22. Qg2 Rfe8 23. Bf4 dxe4 24. dxe4 Bc6 25. Bxb8 Bxb5 26. axb5 Rxb8
27. e5 fxe5 28. Rxe5 Kf8 29. Rf1 Nf5 30. Bd5 Qc7 31. Rxe8+ Kxe8 32. Bc6+
Kd8 33. Qd5+ Ke7 34. Qe4+ Kf6 35. g4 Rg8 36. Kh1 Qe5 37. g5+ 1-0

[Event "Najdorf Memorial"]
[Site "Warsaw POL"]
[Date "2024.07.16"]
[Round "8.25"]
[White "Suska, Szymon"]
[Black "Czajkowski, Adam"]
[Result "1/2-1/2"]
[WhiteElo "2079"]
[BlackElo "2184"]

1. Nf3 Nf6 2. g3 g6 3. Bg2 Bg7 4. O-O O-O 5. c4 d6 6. Nc3 e5 7. d3 Re8 8.
e4 c6 9. b4 d5 10. cxd5 cxd5 11. Bg5 d4 12. Nd5 Be6 13. Nd2 Nbd7 14. Nc4 h6
15. Bxf6 Nxf6 16. Nxf6+ Bxf6 17. Rc1 b5 18. Na5 Rc8 19. Qd2 Qd6 20. Nb7 Qf8
21. Nc5 Be7 22. f4 Qg7 23. Qf2 Bxc5 24. bxc5 Rc6 25. Qb2 a6 26. f5 Bd7 27.
Qb3 Kh8 28. fxg6 f6 29. Rf2 Rec8 30. Rcf1 Qxg6 31. a4 bxa4 32. Qxa4 Kg7 33.
Rb2 R8c7 34. Qa5 Qg5 35. Rb6 Rxc5 36. Qxa6 Bc8 37. Qa3 Qe3+ 38. Kh1 Rc3 39.
Qd6 Rf7 40. Qd8 Rc1 41. Rxf6 Rxf1+ 42. Rxf1 Qxd3 43. Rxf7+ Kxf7 44. Qc7+
Kf6 45. Qd8+ Kf7 46. Qc7+ Kf6 47. h3 Be6 48. Qd8+ Kf7 49. Qc7+ 1/2-1/2

[Event "Najdorf Memorial"]
[Site "Warsaw POL"]
[Date "2024.07.16"]
[Round "8.26"]
[White "Zareba, Piotr"]
[Black "Padalka, Artem"]
[Result "1-0"]
[WhiteElo "2003"]
[BlackElo "2177"]

1. Nf3 Nf6 2. c4 g6 3. Nc3 Bg7 4. d4 d5 5. cxd5 Nxd5 6. e4 Nxc3 7. bxc3 c5
8. Rb1 O-O 9. Be3 b6 10. Bc4 Bb7 11. Qd3 cxd4 12. cxd4 Nc6 13. O-O Na5 14.
Ba6 Bxa6 15. Qxa6 Qc8 16. Qd3 Qc4 17. Qa3 Qe6 18. Nd2 Qd7 19. Rfd1 Rfc8 20.
Nf3 Nc4 21. Qb3 Nxe3 22. Qxe3 Qa4 23. a3 Rc4 24. Rd3 Rac8 25. Rbd1 Rc3 26.
Ra1 Bh6 27. Rxc3 Bxe3 28. Rxc8+ Kg7 29. fxe3 Qb3 30. e5 Qxe3+ 31. Kh1 g5
32. Re1 Qxa3 33. Nxg5 h6 34. Nf3 a5 35. Rcc1 b5 36. Rb1 Qd3 37. Red1 Qc4
38. d5 b4 39. d6 exd6 40. exd6 Qc8 41. d7 Qd8 42. Ne5 1-0

[Event "Najdorf Memorial"]
[Site "Warsaw POL"]
[Date "2024.07.16"]
[Round "8.27"]
[White "Sanz Losada, Victoriano"]
[Black "Dahale, Atul"]
[Result "0-1"]
[WhiteElo "2002"]
[BlackElo "2169"]

1. d4 Nf6 2. c4 e6 3. Nc3 Bb4 4. Qc2 O-O 5. Nf3 c5 6. dxc5 Na6 7. a3 Bxc3+
8. Qxc3 Nxc5 9. Nd2 d5 10. e3 b6 11. b4 Nce4 12. Nxe4 Nxe4 13. Qd4 Bb7 14.
Bb2 f6 15. cxd5 Bxd5 16. Rd1 Qe7 17. f3 Rad8 18. Be2 e5 19. Qd3 Ng5 20. Qb1
Bf7 21. O-O a5 22. Bc3 Qc7 23. Rxd8 Rxd8 24. Rd1 Rxd1+ 25. Qxd1 Bc4 26.
bxa5 Bxe2 27. Qxe2 Qxc3 28. axb6 Qb3 29. Qa6 Qxe3+ 30. Kf1 Qc1+ 31. Kf2
Qc5+ 32. Kf1 Qc1+ 33. Kf2 Qc5+ 34. Kf1 Qc6 35. Qa7 Qc1+ 36. Kf2 Qd2+ 37.
Kf1 Qd1+ 38. Kf2 Qd4+ 39. Kf1 Ne6 40. Qa8+ Kf7 41. Qb7+ Kg6 42. Qe4+ Qxe4
43. fxe4 Nc5 44. a4 Kf7 45. a5 Ke6 46. b7 Na6 47. Ke2 Kd6 48. Kd3 Kc5 49.
g4 Kb4 50. h4 g5 51. h5 h6 0-1

[Event "Najdorf Memorial"]
[Site "Warsaw POL"]
[Date "2024.07.16"]
[Round "8.28"]
[White "Choroszej, Aleksander"]
[Black "Tsiapko, Andrii"]
[Result "1/2-1/2"]
[WhiteElo "1997"]
[BlackElo "2167"]

1. d4 d5 2. c4 e6 3. Nc3 Nf6 4. Nf3 Be7 5. Bf4 O-O 6. e3 c5 7. dxc5 Bxc5 8.
Be2 dxc4 9. Qxd8 Rxd8 10. Bxc4 Bb4 11. Ke2 Bxc3 12. bxc3 Ne4 13. Rac1 b6
14. Nd4 Ba6 15. Bxa6 Nxa6 16. f3 Nf6 17. c4 Nc5 18. Rhd1 Ne8 19. e4 f6 20.
Nb3 Na4 21. Rxd8 Rxd8 22. c5 Nxc5 23. Nxc5 bxc5 24. Rxc5 e5 25. Be3 Rd6 26.
a4 Ra6 27. a5 Kf7 28. Kd3 Ke6 29. Kc4 Nd6+ 30. Kb4 Kd7 31. Rd5 Kc7 32. Rc5+
Kd7 33. Rd5 Kc7 34. Rc5+ 1/2-1/2

[Event "Najdorf Memorial"]
[Site "Warsaw POL"]
[Date "2024.07.16"]
[Round "8.29"]
[White "Przybylski, Bartosz"]
[Black "Maslanka, Wojciech"]
[Result "1/2-1/2"]
[WhiteElo "2060"]
[BlackElo "2166"]

1. e4 c5 2. Nf3 e6 3. d4 cxd4 4. Nxd4 Nf6 5. Nc3 Nc6 6. Nxc6 bxc6 7. e5 Nd5
8. Ne4 Qc7 9. f4 Qb6 10. c4 Bb4+ 11. Ke2 f5 12. exf6 Nxf6 13. Be3 Qd8 14.
Nd6+ Bxd6 15. Qxd6 Bb7 16. g4 c5 17. Rg1 Ne4 18. Qe5 O-O 19. Bg2 Rf6 20.
Bxe4 d6 21. Rad1 dxe5 22. Rxd8+ Rxd8 23. Bxb7 exf4 24. Bxc5 Rb8 25. Be4
Rxb2+ 26. Kf3 Rxh2 27. Rd1 g5 28. Rd8+ Kf7 29. Rd7+ Kg8 30. Be7 Rf7 31. c5
Rh3+ 32. Kg2 Ra3 33. c6 f3+ 34. Kf1 Rxa2 35. Bxg5 Ra1+ 36. Kf2 Ra2+ 37. Rd2
Rxd2+ 38. Bxd2 Kf8 39. Ba5 Ke7 40. c7 Kd7 41. Bb7 Rf8 42. c8=Q+ Rxc8 43.
Bxc8+ Kxc8 44. Kxf3 Kd7 45. Ke4 Ke7 46. Ke5 Kf7 47. Bd2 Kg6 48. g5 a5 49.
Kd4 Kf5 50. Kc4 e5 51. Kb5 e4 52. Kxa5 Kg4 53. Kb4 Kf3 54. Kc4 e3 55. Bc1
Kf4 1/2-1/2

[Event "Najdorf Memorial"]
[Site "Warsaw POL"]
[Date "2024.07.16"]
[Round "8.30"]
[White "Chmiel, Marcin"]
[Black "Ashwath, Kaushik"]
[Result "1-0"]
[WhiteElo "2161"]
[BlackElo "2029"]

1. c4 e5 2. g3 Nf6 3. Bg2 Bc5 4. Nc3 c6 5. Nf3 e4 6. Ng5 d5 7. cxd5 cxd5 8.
O-O h6 9. Nh3 Bg4 10. d4 Bb6 11. f3 exf3 12. exf3 Bf5 13. Re1+ Kf8 14. Be3
g5 15. Rc1 Kg7 16. g4 Bd7 17. Qd2 Nc6 18. Nf2 Ne7 19. Nd3 Ng6 20. Ne5 Re8
21. Nxg6 Kxg6 22. Bf1 Rh8 23. Bd3+ Kg7 24. Ne2 Bc7 25. Bf2 Ne8 26. Ng3 Nf6
27. Bb1 Bf4 28. Be3 Bd6 29. Re2 a5 30. a3 b5 31. Nf5+ Bxf5 32. Bxf5 b4 33.
a4 Re8 34. Rc6 Ng8 35. Bb1 Qe7 36. Qd3 Nf6 37. Rcc2 Qd7 38. b3 Rac8 39.
Rxc8 Rxc8 40. Bd2 Bf4 41. Bxf4 Rc3 42. Qd2 gxf4 43. Qxf4 Rxb3 44. Bc2 Rc3
45. g5 Ng8 46. gxh6+ Kh8 47. h7 Rc8 48. Rg2 1-0

[Event "Najdorf Memorial"]
[Site "Warsaw POL"]
[Date "2024.07.16"]
[Round "8.31"]
[White "Kazmierowski, Tymon"]
[Black "Praczukowski, Stanislaw"]
[Result "1/2-1/2"]
[WhiteElo "2096"]
[BlackElo "2086"]

1. d4 Nf6 2. c4 e6 3. Nf3 d5 4. g3 dxc4 5. Bg2 c5 6. O-O Nc6 7. Na3 cxd4 8.
Nxc4 Be7 9. b3 O-O 10. Bb2 Bc5 11. a3 a6 12. Rc1 Ba7 13. Qd3 Re8 14. Nfe5
Nxe5 15. Nxe5 Qd6 16. Nc4 Qd8 17. f4 Nd5 18. Bxd4 Nb4 19. axb4 Bxd4+ 20. e3
Ba7 21. Qxd8 Rxd8 22. Rfd1 Rxd1+ 23. Rxd1 Kf8 24. Rd8+ Ke7 25. Rg8 g6 26.
Kf2 Rb8 27. Na5 Bd7 28. Rxb8 Bxb8 29. Nxb7 Bc7 30. Bf1 Bc8 31. Nc5 Bd6 32.
Bxa6 Bxc5 33. Bxc8 Bxb4 34. g4 h6 35. h4 f6 36. g5 hxg5 37. hxg5 fxg5 38.
fxg5 Kd6 39. Ba6 Ke5 40. Bd3 Be7 41. Bxg6 Bxg5 42. b4 Kd5 43. Bf7 Bxe3+ 44.
Kxe3 Kc4 45. b5 Kxb5 46. Bxe6 1/2-1/2

[Event "Najdorf Memorial"]
[Site "Warsaw POL"]
[Date "2024.07.16"]
[Round "8.32"]
[White "Zalega, Maciej"]
[Black "Bartodziej, Bartosz"]
[Result "1-0"]
[WhiteElo "2093"]
[BlackElo "2005"]

1. e4 c5 2. Nf3 d6 3. d4 cxd4 4. Nxd4 Nf6 5. Nc3 a6 6. h3 e5 7. Nb3 Be6 8.
f4 b5 9. fxe5 dxe5 10. Qxd8+ Kxd8 11. Bg5 Nd7 12. O-O-O Kc7 13. Be2 Be7 14.
Rhf1 Rhd8 15. Bf3 b4 16. Na4 Bc4 17. Bxf6 gxf6 18. Bg4 Bxf1 19. Rxf1 Nb6
20. Nxb6 Kxb6 21. Rf5 a5 22. Nd2 Rd4 23. c3 bxc3 24. bxc3 Rc8 25. Kc2 Rc7
26. Be2 Ka7 27. Bb5 Rd8 28. a4 Rdc8 29. Rf3 Bb4 30. Nb1 Rg8 31. g4 Be7 32.
Nd2 Rb8 33. Kb3 h6 34. Nf1 Rbc8 35. Ng3 Bf8 36. Rd3 Be7 37. Nf5 Rd8 38.
Rxd8 Bxd8 39. Nxh6 Be7 40. Nf5 Bc5 41. h4 Rc8 42. h5 Kb6 43. Bc4 Rf8 44.
Nh6 Be3 45. Nxf7 Rxf7 46. Bxf7 Kc5 47. g5 Bxg5 48. Bg8 Bh6 49. Kc2 Kd6 50.
Kd3 Ke7 51. Ke2 Kf8 52. Bh7 Kg7 53. Bg6 Bc1 54. c4 Ba3 55. Kf3 Bc1 56. c5
Kf8 57. c6 Ke7 58. Kg4 Kd6 59. Be8 1-0

[Event "Najdorf Memorial"]
[Site "Warsaw POL"]
[Date "2024.07.16"]
[Round "8.33"]
[White "Gacek, Waldemar"]
[Black "Rzeszowski, Dominik"]
[Result "0-1"]
[WhiteElo "2081"]
[BlackElo "1961"]

1. Nf3 d5 2. c4 d4 3. b4 f6 4. e3 e5 5. c5 a5 6. Qa4+ Bd7 7. b5 Bxc5 8. Bc4
Ne7 9. O-O c6 10. exd4 exd4 11. Na3 cxb5 12. Nxb5 Nbc6 13. d3 Na7 14. Rb1
Bc6 15. Re1 Nxb5 16. Bxb5 O-O 17. Bb2 Bxf3 18. gxf3 b6 19. Ba3 Bxa3 20.
Qxa3 Ng6 21. Re6 Nh4 22. Bc6 Rc8 23. Qb3 Kh8 24. Qxb6 Rb8 25. Bb7 Nxf3+ 26.
Kg2 Ne5 27. Rd6 Qe8 28. Qxd4 Qg6+ 29. Kf1 Nf3 30. Qb2 Nxh2+ 31. Ke2 Qg4+
32. Kd2 Qf4+ 0-1

[Event "Najdorf Memorial"]
[Site "Warsaw POL"]
[Date "2024.07.16"]
[Round "8.34"]
[White "Borowy, Cezary"]
[Black "Lisowski, Krzysztof"]
[Result "1/2-1/2"]
[WhiteElo "1993"]
[BlackElo "2096"]

1. d4 Nf6 2. Bf4 d5 3. e3 e6 4. Nf3 Nh5 5. Be5 f6 6. Bg3 g6 7. Bd3 c5 8. c3
Nc6 9. Nbd2 cxd4 10. exd4 Be7 11. Qc2 Kf7 12. O-O Bd7 13. Qb3 Na5 14. Qd1
Rc8 15. Qe2 Ng7 16. c4 dxc4 17. Nxc4 Nxc4 18. Bxc4 Bc6 19. b3 Bd5 20. Rfd1
Ba3 21. Bf4 a6 22. Bc1 Be7 23. Bb2 Qd7 24. Rac1 Rhd8 25. Rc2 Nf5 26. Bxd5
Qxd5 27. Rdc1 Rxc2 28. Qxc2 Bd6 29. Qc4 Bf4 30. Qxd5 Rxd5 31. Rc5 Rxc5 32.
dxc5 h5 33. Kf1 e5 34. g3 Bh6 35. Ke2 Ke6 36. b4 Kd5 37. Nd2 a5 38. bxa5
Kxc5 39. Ne4+ Kc4 40. Nxf6 Nd4+ 41. Bxd4 exd4 42. Ne4 d3+ 43. Kd1 Bf8 44.
Nd2+ Kd4 45. Nf3+ Ke4 46. Nd2+ Kf5 47. h3 Bb4 48. f3 h4 49. gxh4 Kf4 50.
Nc4 Bc3 51. Nd6 Bxa5 52. Nxb7 Bb4 53. a4 Kxf3 54. a5 Bxa5 55. Nxa5 Kg3 56.
Nc4 Kxh4 57. Kd2 Kxh3 58. Kxd3 g5 1/2-1/2

[Event "Najdorf Memorial"]
[Site "Warsaw POL"]
[Date "2024.07.16"]
[Round "8.35"]
[White "Orzechowski, Jacek"]
[Black "Sypien, Natan"]
[Result "1/2-1/2"]
[WhiteElo "2072"]
[BlackElo "1985"]

1. Nf3 d5 2. c4 e6 3. g3 Nf6 4. Bg2 d4 5. O-O c5 6. d3 Nc6 7. e4 e5 8. Ne1
Be7 9. f4 O-O 10. Nf3 Nd7 11. Bh3 Qc7 12. Na3 a6 13. Qe2 Rb8 14. Rf2 b5 15.
fxe5 Ndxe5 16. Bxc8 Nxf3+ 17. Rxf3 Rfxc8 18. Bf4 Bd6 19. Rc1 Qe7 20. Rf2
Be5 21. Nb1 Nb4 22. b3 Nc6 23. Nd2 b4 24. Ra1 a5 25. a3 1/2-1/2

[Event "Najdorf Memorial"]
[Site "Warsaw POL"]
[Date "2024.07.16"]
[Round "8.36"]
[White "Ishvi, Aggarwal"]
[Black "Majocha, Piotr"]
[Result "1-0"]
[WhiteElo "1958"]
[BlackElo "2066"]

1. d4 Nf6 2. Bf4 e6 3. e3 b6 4. Nf3 Bb7 5. c4 Bb4+ 6. Nc3 Ne4 7. Qb3 Bxc3+
8. bxc3 d6 9. Bd3 Nd7 10. Qc2 f5 11. h4 h6 12. h5 Qf6 13. Nh4 Nf8 14. f3
Ng5 15. c5 e5 16. Qa4+ Kd8 17. dxe5 dxe5 18. Rd1 exf4 19. Be4+ Ke7 20.
Nxf5+ Kf7 21. Qb3+ Nge6 22. Bxb7 Rd8 23. Rxd8 Qxd8 24. O-O Kf6 25. Rd1 Nxc5
26. Rxd8 Nxb3 27. axb3 Kxf5 28. Be4+ Kf6 29. exf4 Ng6 30. Rd7 Nxf4 31. Rxc7
Nxh5 32. Rxa7 Rd8 33. Rc7 Rd6 34. Kf2 Nf4 35. b4 Ne6 36. Rc6 Rxc6 37. Bxc6
Ke5 38. Ke3 Nf4 39. g3 Nh5 40. Kf2 g5 41. Be4 Nf6 42. Ke3 Nh5 43. g4 Nf4
44. c4 h5 45. gxh5 Nxh5 46. Bb7 Nf6 47. Bc8 Ne8 48. Kd3 Nf6 49. Kc3 Ng8 50.
Kb3 Ne7 51. Bg4 Kd4 52. Be6 Ke5 53. Bf7 Kd4 54. Ka4 Nc8 55. Bg8 Nd6 56. Kb3
Ke3 57. Bd5 Kd4 58. Bg8 Ke3 59. Kc3 Kxf3 60. Kd4 g4 61. Ke5 Ne8 62. Bd5+
Ke3 63. b5 Nc7 64. Bc6 Kd3 65. Kd6 Nxb5+ 66. cxb5 Kc4 67. Kc7 Kc5 68. Kb7
g3 69. Ka6 1-0

[Event "Najdorf Memorial"]
[Site "Warsaw POL"]
[Date "2024.07.16"]
[Round "8.37"]
[White "Zaninotto, Franco"]
[Black "Szymkiewicz, Witold"]
[Result "1/2-1/2"]
[WhiteElo "1961"]
[BlackElo "2054"]

1. e4 e6 2. d4 d5 3. Nd2 Nf6 4. e5 Nfd7 5. c3 c5 6. Bd3 Nc6 7. Ne2 Be7 8.
O-O cxd4 9. cxd4 Qb6 10. Nf3 f6 11. Nf4 Nf8 12. exf6 gxf6 13. a3 Bd7 14. b4
Rg8 15. Re1 a6 16. Rb1 Na7 17. a4 Qd6 18. b5 axb5 19. axb5 Nc8 20. g3 Nb6
21. Qe2 Ra4 22. Qc2 h6 23. Ng6 Nxg6 24. Bxg6+ Kd8 25. Bf4 e5 26. dxe5 fxe5
27. Nxe5 Rxf4 28. gxf4 Be8 29. f5 Bf6 30. Qe2 Nd7 31. Nxd7 Bxg6 32. fxg6
Rxg6+ 33. Kh1 Qxd7 34. Qf3 d4 35. b6 Be7 36. Red1 Bc5 37. Qe4 Rf6 38. Rg1
Qf7 39. Rg2 Bxb6 40. Rbg1 Qe6 41. Rg8+ Kc7 42. R8g7+ Kd6 43. Qg2 d3 44.
Qg3+ Kc5 45. Rc1+ Kb4 46. Rg4+ Ka5 47. Ra1+ Kb5 48. Qxd3+ Kc6 49. f3 Bc5
50. Kg2 Qe5 51. Rb1 b6 52. Qb5+ Kc7 53. Rg7+ Kb8 54. Rd1 Rd6 55. Rxd6 Qxg7+
56. Kh3 Bxd6 57. Qxb6+ Ka8 58. Qxd6 Qf7 59. f4 h5 60. Qe5 Qd7+ 61. f5 Qd3+
62. Kh4 Qf3 63. Kg5 Qg4+ 64. Kh6 Qg8 65. Kxh5 Qh7+ 66. Kg5 Qg8+ 67. Kf4 Qh7
68. Ke4 Qh4+ 69. Kd5 Qd8+ 70. Qd6 Qg8+ 71. Ke5 Qh8+ 72. Ke6 Qg8+ 73. Ke5
Qh8+ 74. f6 Qxh2+ 75. Ke6 Qh6 76. Qd5+ Ka7 77. Qd7+ Kb6 78. Ke7 Qg5 79.
Qe6+ Kc7 80. Ke8 Qb5+ 81. Kf8 Qb2 82. Qe7+ Kc8 83. Kf7 Qd2 84. Kg8 Qg5+ 85.
Qg7 Qd5+ 86. f7 Kd7 87. Qg6 Ke7 88. Kg7 Qe5+ 89. Kg8 Qb8+ 90. Kh7 Qf8 91.
Qe4+ 1/2-1/2

[Event "Najdorf Memorial"]
[Site "Warsaw POL"]
[Date "2024.07.16"]
[Round "8.38"]
[White "Swara, Lakshmi S Nair"]
[Black "Chachere, Theodore"]
[Result "1-0"]
[WhiteElo "2049"]
[BlackElo "1947"]

1. e4 c5 2. Nf3 d6 3. d4 cxd4 4. Nxd4 Nf6 5. Nc3 a6 6. Be2 e5 7. Nb3 Be7 8.
O-O O-O 9. Kh1 Be6 10. f4 exf4 11. Bxf4 Nc6 12. Qe1 Ne5 13. Rd1 Qc7 14. Nd4
Bd7 15. Qg3 Ng6 16. Bg5 Bc6 17. Nf5 Rad8 18. h4 Ne8 19. Bxe7 Nxe7 20. Nh6+
1-0